Smart Trends in Information Technology and Computer Communications First International Conference, SmartCom 2016, Jaipur, India, August 6–7, 2016, Revised Selected Papers /

This book constitutes the refereed proceedings of the First International Conference on Smart Trends in Information Technology and Computer Communications, SmartCom 2016, held in Jaipur, India, in August 2016. The 106 revised papers presented were carefully reviewed and selected from 469 submissions...

Full description

Bibliographic Details
Corporate Author: SpringerLink (Online service)
Other Authors: Unal, Aynur (Editor), Nayak, Malaya (Editor), Mishra, Durgesh Kumar (Editor), Singh, Dharm (Editor), Joshi, Amit (Editor)
Format: Electronic eBook
Language:English
Published: Singapore : Springer Singapore : Imprint: Springer, 2016.
Series:Communications in Computer and Information Science, 628
Subjects:
Online Access:Full Text via HEAL-Link
LEADER 02835nam a22005415i 4500
001 978-981-10-3433-6
003 DE-He213
005 20161226031917.0
007 cr nn 008mamaa
008 161226s2016 si | s |||| 0|eng d
020 |a 9789811034336  |9 978-981-10-3433-6 
024 7 |a 10.1007/978-981-10-3433-6  |2 doi 
040 |d GrThAP 
050 4 |a TK5105.5-5105.9 
072 7 |a UKN  |2 bicssc 
072 7 |a COM075000  |2 bisacsh 
082 0 4 |a 004.6  |2 23 
245 1 0 |a Smart Trends in Information Technology and Computer Communications  |h [electronic resource] :  |b First International Conference, SmartCom 2016, Jaipur, India, August 6–7, 2016, Revised Selected Papers /  |c edited by Aynur Unal, Malaya Nayak, Durgesh Kumar Mishra, Dharm Singh, Amit Joshi. 
264 1 |a Singapore :  |b Springer Singapore :  |b Imprint: Springer,  |c 2016. 
300 |a XXV, 919 p. 487 illus.  |b online resource. 
336 |a text  |b txt  |2 rdacontent 
337 |a computer  |b c  |2 rdamedia 
338 |a online resource  |b cr  |2 rdacarrier 
347 |a text file  |b PDF  |2 rda 
490 1 |a Communications in Computer and Information Science,  |x 1865-0929 ;  |v 628 
505 0 |a Smart and secure systems -- Technologies for digital world -- Data centric approaches -- Applications for e-agriculture and e-health -- Products and IT innovations -- Research for knowledge computing. 
520 |a This book constitutes the refereed proceedings of the First International Conference on Smart Trends in Information Technology and Computer Communications, SmartCom 2016, held in Jaipur, India, in August 2016. The 106 revised papers presented were carefully reviewed and selected from 469 submissions. The papers address issues on smart and secure systems; technologies for digital world; data centric approaches; applications for e-agriculture and e-health; products and IT innovations; research for knowledge computing. 
650 0 |a Computer science. 
650 0 |a Computer communication systems. 
650 0 |a Architecture, Computer. 
650 0 |a Application software. 
650 1 4 |a Computer Science. 
650 2 4 |a Computer Communication Networks. 
650 2 4 |a Information Systems Applications (incl. Internet). 
650 2 4 |a Computer System Implementation. 
650 2 4 |a Computer Applications. 
700 1 |a Unal, Aynur.  |e editor. 
700 1 |a Nayak, Malaya.  |e editor. 
700 1 |a Mishra, Durgesh Kumar.  |e editor. 
700 1 |a Singh, Dharm.  |e editor. 
700 1 |a Joshi, Amit.  |e editor. 
710 2 |a SpringerLink (Online service) 
773 0 |t Springer eBooks 
776 0 8 |i Printed edition:  |z 9789811034329 
830 0 |a Communications in Computer and Information Science,  |x 1865-0929 ;  |v 628 
856 4 0 |u http://dx.doi.org/10.1007/978-981-10-3433-6  |z Full Text via HEAL-Link 
912 |a ZDB-2-SCS 
950 |a Computer Science (Springer-11645)